LEADER 01201nam a2200277 u 4500 001 000000080757 003 CaOOAMICUS 005 20070226123700.0 008 050214s2004 enk u000 u eng u 020 $a1-4039-1819-8 035 $a11027455 040 $aPUL$bita 245 00$aBiblical concepts and our world /$cedited by D.Z. Phillips and Mario von der Ruhr. 260 $aHoundmills :$bPalgrave Macmillan,$c2004. 300 $axi, 283 p. ;$c22 cm 490 1 $aClaremont Studies in the philosophy of religion 504 $aBibliografia in nota. 700 1 $aVon der Ruhr, Mario.$0(OLS)http://pul/name/53858 700 1 $aPhillips, Dewi Zephaniah,$d1934-2006.$0(OLS)http://pul/name/53857 830 0$aClaremont Studies in the philosophy of religion.$0(OLS)http://pul/title/105705 850 $aPUL 852 $aPUL$W1$xSL Religione 3$y85$m230. 041 PHIDE 1$j103106$nBK-PRI$qDDC 21$B103106$CPULBib$Z2$F103106 $HPUL97033 $82 941 1 $a9 996 $6020$a1-4039-1819-8$9(OLS)http://pul/number/106922 996 $6245$aBiblical concepts and our world$9(OLS)http://pul/title/105725 996 $6260$aHoundmills :$bPalgrave Macmillan$9(OLS)http://pul/publisher/75862 LEADER 01225naa a2200253 u 4500 001 000000101978 003 CaOOAMICUS 005 20070226130209.0 008 060323s1962 it u000 u ita u 035 $a11082654 040 $aIAR$bita 041 0 $aita$bger 100 1 $aGentile, Marino,$d1906-1991.$0(OLS)http://pul/name/4220 245 13$aLe esigenze contrastate di una nuova filosofia italiana /$cMarino Gentile. 260 $aMerano/Meran :$bIst.culturale italo-tedesco,$c1962. 300 $aS. 245-286 ;$c25 cm 500 $adeutsche Zusammenfassung 500 $aIAR: FF-117.03 773 0 $aDas Antlitz der deutschen und italienischen Kultur nach dem Zweiten Weltkrieg. 773 0 $aIl volto della cultura italiana e tedesca del socondo dopoguerra. 773 0 $aDeutsch-italienisches Kulturinstitut in Südtirol; Akten.$gIII (1962) 773 0 $aAccademia di studi italo-tedeschi (Merano)$tIl volto della cultura italiana e tedesca del secondo dopoguerra nel quadro dell'unità culturale europea$gIII (1962)$w()22991 996 $6245$aLe esigenze contrastate di una nuova filosofia italiana$9(OLS)http://pul/title/128886 996 $6260$aMerano/Meran :$bIst.culturale italo-tedesco$9(OLS)http://pul/publisher/79184